| 000 | 00906nam a22002657a 4500 | ||
|---|---|---|---|
| 999 |
_c5331 _d5331 |
||
| 003 | AR-CdUCM | ||
| 008 | 190312b ||||| |||| 00| 0 spa d | ||
| 040 |
_aMUNICIPALIDAD PROVINCIAL DEL CUSCO _cBIBLIOTECA MUNICIPAL DEL CUSCO |
||
| 041 | _heng | ||
| 082 |
_a927.2 / _bS91 |
||
| 100 |
_aSullivan, Louis Henri _916106 |
||
| 245 | _aAutobiografía de una idea / | ||
| 260 |
_aBuenos Aires : _bInfinito, _c1961. |
||
| 300 |
_a236 paginas ; _bIlustraciones, _c22 cm. |
||
| 440 |
_aInfinito _n8 _916107 |
||
| 500 | _aTitulo original: Autobiography of an idea | ||
| 505 | _aEl niño -- Habia un niño -- Y entonces llego la primavera -- Una vacación -- Boston ... | ||
| 650 |
_aAutobiografía _92301 |
||
| 650 |
_aModerna arquitectura _916108 |
||
| 650 |
_aPersonalidad _9925 |
||
| 650 |
_aArquitectura norteamericana _916109 |
||
| 700 |
_aCabrera, Luis De _916110 |
||
| 942 |
_2ddc _cLIBROS |
||
| 945 | _aacv | ||